[Event "Rheinland Pfalz op 6th"]
[Site "Gau Algesheim"]
[Date "2014.06.21"]
[Round "4"]
[White "Breitenbach, Justin"]
[Black "Thust, Martin"]
[Result "0-1"]
[WhiteElo "1284"]
[BlackElo "1508"]
[PlyCount "76"]
[EventDate "2014.06.19"]
[EventType "swiss"]
[EventRounds "7"]
[EventCountry "GER"]
[SourceTitle "CBM 161 Extra"]
[Source "ChessBase"]
[SourceDate "2014.08.29"]
[SourceVersion "1"]
[SourceVersionDate "2014.08.29"]
[SourceQuality "1"]

1. e4 c5 2. Nf3 d6 3. d4 cxd4 4. Nxd4 Nf6 5. Nc3 a6 6. Bc4 e6 7. Bg5 Be7 8. Qd2 h6 9. Bh4 0-0 10. 0-0-0 Nxe4 11. Nxe4 Bxh4 12. Bb3 d5 13. Nc3 Qc7 14. Kb1 Nc6 15. Nf3 Bf6 16. g4 Ne5 17. Nxe5 Bxe5 18. f3 Bxc3 19. bxc3 Bd7 20. h4 a5 21. a4 Rfc8 22. Kb2 b5 23. Ra1 bxa4 24. Bxa4 Rab8+ 25. Kc1 Bxa4 26. Rxa4 Qxc3 27. Qxc3 Rxc3 28. f4 Ra8 29. Kd2 Rac8 30. Rc1 R3c5 31. Kd3 Kf8 32. Kd2 Ke7 33. Ke3 Kd6 34. Kd3 f6 35. Rca1 Rc3+ 36. Kd4 R8c4+ 37. Rxc4 Rxc4+ 38. Ke3 a4 0-1